Centrální banky zemí indického subkontinentu
Stručný opis historického vývoja centrálnych bánk Indie, Bangladéšu, Pakistanu a Srí Lanky.
Na minha lista:
| Autor principal: | |
|---|---|
| Formato: | Capítulo de Livro |
| Idioma: | tcheco |
| Assuntos: | |
| Tags: |
Sem tags, seja o primeiro a adicionar uma tag!
|
MARC
| LEADER | 00000naa a2200000 4500 | ||
|---|---|---|---|
| 001 | 0257002 | ||
| 005 | 20221104110348.5 | ||
| 041 | 0 | |a cze | |
| 044 | |a CZ | ||
| 245 | 1 | 0 | |a Centrální banky zemí indického subkontinentu |c Zbyněk Kalabis |
| 520 | |a Stručný opis historického vývoja centrálnych bánk Indie, Bangladéšu, Pakistanu a Srí Lanky. | ||
| 610 | 2 | 0 | |a banky centrálne |
| 610 | 2 | 0 | |a história |
| 610 | 2 | 0 | |a India |
| 610 | 2 | 0 | |a Bangladéš |
| 610 | 2 | 0 | |a Pakistan |
| 100 | 1 | |a Kalabis, Zbyněk | |